Normal view
MARC view
- Palmer, Emmanuel
Entry Personal Name
001 - CONTROL NUMBER
- control field: 185
003 - CONTROL NUMBER IDENTIFIER
- control field: OSt
005 - DATE AND TIME OF LATEST TRANSACTION
- control field: 20141210153945.0
008 - FIXED-LENGTH DATA ELEMENTS
- fixed length control field: 141210|| aca||aabn | a|a d
040 ## - CATALOGING SOURCE
- Original cataloging agency: OSt
- Transcribing agency: OSt
100 ## - HEADING--PERSONAL NAME
- Personal name: Palmer, Emmanuel
670 ## - SOURCE DATA FOUND
- Source citation: Work cat.: (OSt): Palmer, Emmanuel , Water Pollution , 2010
